Logo BPK

Biblioteka

Politechniki Koszalińskiej

Bankowość elektroniczna dla firm / (Rekord nr 45408)

Szczegóły MARC
000 -ETYKIETA REKORDU
podpole kontrolne o stałej długości 00674nam a2200241 i 4500
001 - NUMER KONTROLNY REKORDU
pole kontrolne bg
020 ## - MIĘDZYNARODOWY ZNORMALIZOWANY NUMER KSIĄŻKI - ISBN
ISBN 8387885711
040 ## - ŹRÓDŁO KATALOGOWANIA
Instytucja, która utworzyła rekord BPK
041 0# - KOD JĘZYKA
Kod języka tekstu pol
080 ## - UNIWERSALNA KLASYFIKACJA DZIESIĘTNA - UKD
UKD 336.71:004.738.5
920 ## - Międzynarodowy znormalizowany numer książki – ISBN
ISBN 83-87885-71-1
008 - POLE O STAŁEJ DŁUGOŚCI - DANE KONTROLNE
podpole kontrolne o stałej długości s pl f |000 0 pol
100 1# - NAZWA OSOBOWA
Nazwa osobowa WROŃSKI, Paweł
245 00 - TYTUŁ/ODPOWIEDZIALNOŚĆ
Tytuł Bankowość elektroniczna dla firm /
Pozostałe elementy strefy tytułu i oznaczenia odpowiedzialności Paweł Wroński.
260 ## - STREFA ADRESU WYDAWNICZEGO
Miejsce wydania Warszawa :
Nazwa wydawcy/dystrybutora CeDeWu,
Data publikacji, dystrybucji/powstania dokumentu 2004.
300 ## - STREFA OPISU FIZYCZNEGO
Objętość 86 s. :
Inne cechy fizyczne il. ;
Rozmiary 24 cm.
504 ## - UWAGA DOTYCZĄCA BIBLIOGRAFII
Informacje o bibliografii Bibliogr.
650 #9 - HASŁO PRZEDMIOTOWE W FORMIE NAZWY OGÓLNEJ LUB JEDNOSTKOWEJ
Nazwa ogólna lub geograficzna Banki internetowe
650 #9 - HASŁO PRZEDMIOTOWE W FORMIE NAZWY OGÓLNEJ LUB JEDNOSTKOWEJ
Nazwa ogólna lub geograficzna Karty płatnicze
650 #9 - HASŁO PRZEDMIOTOWE W FORMIE NAZWY OGÓLNEJ LUB JEDNOSTKOWEJ
Nazwa ogólna lub geograficzna Pieniądz elektroniczny
856 ## - LOKALIZACJA I DOSTĘP DO ELEKTRONICZNYCH DOKUMENTÓW ZDALNYCH
Link (URL) http://koha.tu.koszalin.pl/cgi-bin/koha/opac-detail.pl?biblionumber=45408
Tekst linku Katalog online BPK
942 ## - DODATKOWE ELEMENTY (KOHA)
Typ dokumentu Książka
Egzemplarze
Wycofany Status egzemplarza Uszkodzony Dostępność Lokalizacja stała Lokalizacja bieżąca Miejsce przechowywania Sygnatura Kod kreskowy Dział Typ dokumentu Ostatnio wypożyczono
      Tylko na miejscu Biblioteka Politechniki Koszalińskiej Biblioteka Politechniki Koszalińskiej Czytelnia Wydziałowa ul. Kwiatkowskiego 6e 74115 02210278 336.71 Bankowość. Banki Książka  
      Dostępny Biblioteka Politechniki Koszalińskiej Biblioteka Politechniki Koszalińskiej Wypożyczalnia BG 74116 02210261   Książka 25.10.2017
© 2023 Biblioteka Politechniki Koszalińskiej :: KOHA